Encyclopédie ou dictionnaire raisonné des sciences, des arts et des métiers / (Record no. 59499)
[ view plain ]
| 000 -LEADER | |
|---|---|
| campo de control de longitud fija | 01423nam a2200301 i 4500 |
| 001 - NÚMERO DE CONTROL | |
| campo de control | 59499 |
| 003 - IDENTIFICADOR DE NÚMERO DE CONTROL | |
| campo de control | ES-MaACL |
| 005 - FECHA Y HORA DE LA ÚLTIMA TRANSACCIÓN | |
| campo de control | 20250813014531.0 |
| 007 - CAMPO FIJO DE DESCRIPCIÓN FÍSICA--INFORMACIÓN GENERAL | |
| campo de control de longitud fija | t| |
| 008 - DATOS DE LONGITUD FIJA--INFORMACIÓN GENERAL | |
| campo de control de longitud fija | 031029m17511777fr afp e |||| |dfre d |
| 040 ## - FUENTE DE CATALOGACIÓN | |
| Centro/agencia transcriptor | ES-MaACL |
| 080 ## - NÚMERO DE LA CLASIFICACIÓN DECIMAL UNIVERSAL | |
| Número de la Clasificación Decimal Universal | (031)"17" |
| 245 00 - MENCIÓN DEL TÍTULO | |
| Título | Encyclopédie ou dictionnaire raisonné des sciences, des arts et des métiers / |
| Mención de responsabilidad, etc. | par une societé de gens de lettres ; mis en ordre & publié par Diderot... & quant à la partie mathématique par d'Alembert. |
| 260 ## - PUBLICACIÓN, DISTRIBUCIÓN, ETC. | |
| Lugar de publicación, distribución, etc. | Paris : |
| Nombre del editor, distribuidor, etc. | [s.n.], |
| Fecha de publicación, distribución, etc. | 1751-1777 ( |
| Fabricante | Briasson [etc.]) |
| 300 ## - DESCRIPCIÓN FÍSICA | |
| Extensión | 34 volúmenes : |
| Otras características físicas | láminas ; |
| Dimensiones | 34 cm. |
| 505 ## - NOTA DE CONTENIDO CON FORMATO | |
| Nota de contenido con formato | T. 1-17: A-Z -- T. 18-28: Figures -- T. 29-30: Tables -- T. 31-33: Supplements -- T. 34: Planches-Supplements |
| 530 ## - NOTA DISPONIBLE DE FORMULARIO FÍSICO ADICIONAL | |
| Nota de formato físico adicional disponible | Disponible en formato digital. |
| 650 #4 - PUNTO DE ACCESO ADICIONAL DE MATERIA--TÉRMINO DE MATERIA | |
| Término de materia o nombre geográfico como elemento de entrada | Enciclopedias- |
| Subdivisión de forma | Obras anteriores a 1800. |
| 9 (RLIN) | 12236 |
| 700 1# - ENTRADA AGREGADA--NOMBRE PERSONAL | |
| Nombre de persona | Diderot, Denis, |
| Fechas asociadas al nombre | 1713-1784 |
| Término indicativo de función/relación | Autor |
| 9 (RLIN) | 44511 |
| 700 1# - ENTRADA AGREGADA--NOMBRE PERSONAL | |
| Nombre de persona | Alembert, Jean Le Rond d', |
| Fechas asociadas al nombre | 1717-1783 |
| Término indicativo de función/relación | Autor |
| 9 (RLIN) | 19739 |
| 740 0# - ENTRADA AGREGADA--TÍTULO RELACIONADO/ANALÍTICO NO CONTROLADO | |
| Título relacionado o analítico no controlado | Dictionnaire raisonne des sciences, des arts et des métiers. |
| 740 0# - ENTRADA AGREGADA--TÍTULO RELACIONADO/ANALÍTICO NO CONTROLADO | |
| Título relacionado o analítico no controlado | Dictionnaire des sciences, des arts et des métiers. |
| 852 ## - LOCALIZACIÓN | |
| Ubicación | ES-MaACL |
| Ubicación en estantería | Depósito |
| Número de control de estantería | R-2110-43 |
| Encuadernación | Piel con hierros dorados |
| Nota libre | Ex-libris del duque de Hyjar. |
| Signatura antigua | Olim: C-10406-39 |
| 856 ## - LOCALIZACIÓN Y ACCESO ELECTRÓNICOS | |
| Identificador Uniforme de Recursos | <a href="https://portail.atilf.fr/encyclopedie/index.htm">https://portail.atilf.fr/encyclopedie/index.htm</a> |
| Nota pública | Versión en línea |
| Texto de enlace | Projet ARTFL |
| 942 ## - ELEMENTOS DE ENTRADA SECUNDARIOS (KOHA) | |
| Tipo de ítem Koha | Libro impreso antiguo |
| Suprimir en OPAC | No |
| Estatus retirado | Estado de pérdida | Fuente del sistema de clasificación o colocación | Estado de daño | No para préstamo | Colección | Biblioteca de origen | Biblioteca actual | Ubicación en estantería | Fecha de adquisición | Total de préstamos | Signatura topográfica completa | Código de barras | Visto por última vez | Fecha del último préstamo | Precio de reemplazo | Tipo de ítem Koha |
|---|---|---|---|---|---|---|---|---|---|---|---|---|---|---|---|---|
| Clasificación decimal universal | Colección digital | Biblioteca del Ateneo de Madrid | Biblioteca del Ateneo de Madrid | Depósito | 17/01/2008 | 1 | R-2110-43 | 1062406 | 29/04/2026 | 11/02/2026 | 23/02/2023 | Libro impreso antiguo |
